000 01325nam0a22002531 4500
001 rc\832757
005 20250622010532.0
035 _a(NLR Aleph) 006014735
090 _a7365538
_c7365538
100 _a20041129d1983 |||y0rusy50 ca
101 0 _arus
102 _aRU
105 _ay |||||||||
200 1 _aИнженерно-сейсмогеологическая основа детального сейсмического районирования и сейсмического микрорайонирования
_eТез. докл. семинара, Ташкент, 15-17 нояб. 1983 г.
_f[Ред. кол.: ...акад. АН УзССР Г.А. Мавлянов (отв. ред.) и др.]
210 _aТашкент
_cФан
_d1983
215 _a133 с.
_d21
300 _aВ надзаг.: Науч. совет по инж. геологии и гидрогеологии АН СССР, Пробл. комис. сейсм. прогнозов и сейсм. микрорайонирования, Ин-т сейсмологии АН СССР
702 1 _4340
_7ca
_8rus
_aМавлянов
_bГ. А.
_f1910-1988
_gГани Арифханович
_9267303
_3RU\NLR\AUTH\770267359
801 0 _aRU
_bNLR
_gpsbo
801 1 _aRU
_bELAR
_2rusmarc
852 _aNLR
_j84-5/1821
942 _cBOOK
980 _aNB